000 00482nam a2200157 a 4500
001 0343
005 20140414132016.0
008 040910s19uu xx 00 eng d
020 _a0-439-32034-8
050 _aTR
_bD61 2001
100 _aBennett, Elizabeth
245 _aDinofours (activity book) :
_bCubby buddies /
_cby Elizabeth Bennett ; illustratons by Hans Wilhem, Ron Fritz.
260 _aNew York :
_bScholastic,
_c2001.
300 _a32 p. : ill. ; cm .
999 _c113381
_d113381